<?xml version="1.0" encoding="UTF-8"?>
<collection xmlns="http://www.loc.gov/MARC21/slim">
 <record>
  <leader>03439nam a2200361 a 4500</leader>
  <controlfield tag="001">13430692</controlfield>
  <controlfield tag="008">090622s2003    dcuab    b   i000 0 eng d</controlfield>
  <datafield tag="999" ind1=" " ind2=" ">
   <subfield code="c">1823</subfield>
   <subfield code="d">1823</subfield>
  </datafield>
  <datafield tag="010" ind1=" " ind2=" ">
   <subfield code="a">  2003384040</subfield>
  </datafield>
  <datafield tag="020" ind1=" " ind2=" ">
   <subfield code="a">0821354973</subfield>
  </datafield>
  <datafield tag="040" ind1=" " ind2=" ">
   <subfield code="a">FQG</subfield>
   <subfield code="c">FQG</subfield>
   <subfield code="d">OCLCQ</subfield>
   <subfield code="d">DLC</subfield>
  </datafield>
  <datafield tag="082" ind1="0" ind2="0">
   <subfield code="a">363.34/</subfield>
   <subfield code="2">22</subfield>
  </datafield>
  <datafield tag="245" ind1="0" ind2="0">
   <subfield code="a">Building safer cities :</subfield>
   <subfield code="b">the future of disaster risk /</subfield>
   <subfield code="c">edited by Alcira Kreimer, Margaret Arnold, Anne Carlin.</subfield>
  </datafield>
  <datafield tag="260" ind1=" " ind2=" ">
   <subfield code="a">Washington, D.C. :</subfield>
   <subfield code="b">World Bank,</subfield>
   <subfield code="c">c2003.</subfield>
  </datafield>
  <datafield tag="300" ind1=" " ind2=" ">
   <subfield code="a">xxi, 299 pages :</subfield>
   <subfield code="b">illustrations, maps ;</subfield>
   <subfield code="c">28 cm.</subfield>
  </datafield>
  <datafield tag="490" ind1="1" ind2=" ">
   <subfield code="a">Disaster risk management series ;</subfield>
   <subfield code="v">no. 3</subfield>
  </datafield>
  <datafield tag="504" ind1=" " ind2=" ">
   <subfield code="a">Includes bibliographical references.</subfield>
  </datafield>
  <datafield tag="505" ind1="0" ind2=" ">
   <subfield code="a">Part I. Diasters, vulnerability, and the global economy / Charlotte Benson and Edward Clay -- Natural hazard risk and privatization / Paul K. Freeman -- Natural disaster risk and cost-benefit analysis / Reinhard Mechler -- Globalization and natural disasters: an integrative risk management approach / Torben Juul Andersen -- Urban disasters and globalization / J.M. Albala-Bertrand -- Interdependent disaster risks: the need for public-private partnerships / Howard Kunreuther.</subfield>
  </datafield>
  <datafield tag="505" ind1="0" ind2=" ">
   <subfield code="a">Part II. Cities and climate change / Anthony G. Bigio -- The resilience of coastal megacities to weather-related hazards / Richard J.T. Klein, Robert J. Nicholls, and Frank Thomalla -- Flood management and vulnerability of Dhaka City / Saleemul Huq and Mozaharul Alam -- Flooding in the Pampean Region of Argentina: the Salado Basin / Hilda Herzer -- Urbanization and natural disasters in the Mediterranean: population growth and climate change in the 21st century / Hans Günter Brauch -- Urban land markets and disasters: floods in Argentina's cities / Nora Clichevsky.</subfield>
  </datafield>
  <datafield tag="505" ind1="0" ind2=" ">
   <subfield code="a">Part III. Social vulnerability to disaster impacts. Disaster risk reduction in megacities: making the most of human and social capital / Ben Wisner -- Living with risk: toward effective disaster management training in Africa / Prvoslav Marjanovic and Krisno Nimpuno -- Urban vulnerability to disasters in developing countries: managing risks / E.L. Quarantelli -- Natural disasters and urban cultural heritage: a reassessment / June Taboroff.</subfield>
  </datafield>
  <datafield tag="505" ind1="0" ind2=" ">
   <subfield code="a">Part IV. Protecting critical infrastructure from disaster impacts. A new structural approach for the study of domino effects between life support networks / Benoît Robert et al. -- Mitigating the vulnerability of critical infrastructure in developing countries / Lamine Mili -- Damage to and vulnerability of industrial facilities in the 1999 Kocaeli, Turkey, earthquake / Mustafa Erdik and Eser Durukal -- The behavior of retrofitted buildings during earthquakes: new technologies / Mikayel Melkumyan.</subfield>
  </datafield>
  <datafield tag="541" ind1="1" ind2=" ">
   <subfield code="e">00012984</subfield>
  </datafield>
  <datafield tag="650" ind1=" " ind2="0">
   <subfield code="a">Emergency management</subfield>
   <subfield code="z">Developing countries</subfield>
   <subfield code="x">Planning.</subfield>
   <subfield code="9">26133</subfield>
  </datafield>
  <datafield tag="650" ind1=" " ind2="0">
   <subfield code="a">City planning</subfield>
   <subfield code="z">Developing countries.</subfield>
   <subfield code="9">26134</subfield>
  </datafield>
  <datafield tag="650" ind1=" " ind2="0">
   <subfield code="a">Disasters</subfield>
   <subfield code="z">Developing countries.</subfield>
   <subfield code="9">26135</subfield>
  </datafield>
  <datafield tag="650" ind1=" " ind2="0">
   <subfield code="a">Floods</subfield>
   <subfield code="z">Developing countries.</subfield>
   <subfield code="9">26136</subfield>
  </datafield>
  <datafield tag="650" ind1=" " ind2="0">
   <subfield code="a">Climatic changes</subfield>
   <subfield code="x">Risk assessment</subfield>
   <subfield code="z">Developing countries.</subfield>
   <subfield code="9">26137</subfield>
  </datafield>
  <datafield tag="700" ind1="1" ind2=" ">
   <subfield code="a">Kreimer, Alcira.</subfield>
   <subfield code="9">26138</subfield>
  </datafield>
  <datafield tag="700" ind1="1" ind2=" ">
   <subfield code="a">Arnold, Margaret,</subfield>
   <subfield code="d">1965-</subfield>
   <subfield code="9">26139</subfield>
  </datafield>
  <datafield tag="700" ind1="1" ind2=" ">
   <subfield code="a">Carlin, Anne.</subfield>
   <subfield code="9">26140</subfield>
  </datafield>
  <datafield tag="852" ind1="4" ind2=" ">
   <subfield code="a">Ayesha Abed Library </subfield>
   <subfield code="j">General Shelf.</subfield>
  </datafield>
  <datafield tag="942" ind1=" " ind2=" ">
   <subfield code="2">ddc</subfield>
   <subfield code="c">BK</subfield>
  </datafield>
  <datafield tag="952" ind1=" " ind2=" ">
   <subfield code="0">0</subfield>
   <subfield code="1">0</subfield>
   <subfield code="2">ddc</subfield>
   <subfield code="4">0</subfield>
   <subfield code="6">363_340000000000000_BUI</subfield>
   <subfield code="7">0</subfield>
   <subfield code="9">1671</subfield>
   <subfield code="a">BRACUL</subfield>
   <subfield code="b">BRACUL</subfield>
   <subfield code="c">GEN</subfield>
   <subfield code="d">2009-06-29</subfield>
   <subfield code="g">0.00</subfield>
   <subfield code="l">1</subfield>
   <subfield code="m">4</subfield>
   <subfield code="o">363.34 BUI</subfield>
   <subfield code="p">3010012984</subfield>
   <subfield code="r">2015-08-10</subfield>
   <subfield code="s">2015-07-14</subfield>
   <subfield code="t">1</subfield>
   <subfield code="w">2009-06-29</subfield>
   <subfield code="y">BK</subfield>
   <subfield code="x">No price found in the accession register.</subfield>
  </datafield>
 </record>
</collection>
